000 00696cam a22001337a 4500
008 180718b1959 xxu||||| |||| 00| 0 eng d
082 _aK8303x54 J199
100 _aJain, Janeshwar Dass
245 _aDigest of cases of discharge, dismisal, retrenchment, tremination of services, suspension, misconduct, reginstatement and punishment with industrial and labour laws
_cby Janeshwar Dass Jain and Parmeshwar Dass Jain
260 _aDelhi
_bLaw Literature House
_c1959
300 _av.p.
650 _aEmployees --Dismisal, retrenchment, tremination of services, suspension, misconduct, reginstatement and punishment --Case studies:Industrial and labour laws --India
700 _aJain, Prameshwar Dass
999 _c480329
_d480329